Southville International School and Colleges
Your cart is empty.
  • Cart
  • Lists
    Public lists Eva Luna New books Lux_list list_1
    Your lists Log in to create your own lists
  • Log in to your account
  • Your cookies
  • Search history
Southville International School and Colleges
  • Advanced search
  • Recent comments
  • Most popular
  • Libraries

Log in to your account

Log in with GOOGLE


If you do not have an external account, but do have a local account, you can still log in:

  1. Home
  2. MARC view: A life of Picasso /
Normal view MARC view ISBD view

A life of Picasso / (Record no. 288041)

[ view plain ]
MARC details
000 -LEADER
fixed length control field 00519nam a2200157Ia 4500
008 - FIXED-LENGTH DATA ELEMENTS--GENERAL INFORMATION
fixed length control field 150610s9999 xx 000 0 und d
020 ## - INTERNATIONAL STANDARD BOOK NUMBER
International Standard Book Number 9780375711503
050 ## - LIBRARY OF CONGRESS CALL NUMBER
Classification number N6853
Item number .P5R56 2007
100 ## - MAIN ENTRY--PERSONAL NAME
Personal name Richardson, John
245 #2 - TITLE STATEMENT
Title A life of Picasso /
Statement of responsibility, etc by John Richardson.
260 ## - PUBLICATION, DISTRIBUTION, ETC. (IMPRINT)
Place of publication, distribution, etc New York :
Name of publisher, distributor, etc Alfred A. Knoff,
Date of publication, distribution, etc 2007.
300 ## - PHYSICAL DESCRIPTION
Extent 500pages :
Other physical details illustrations ;
Dimensions 24 cm.
504 ## - BIBLIOGRAPHY, ETC. NOTE
Bibliography, etc Includes bibliographical references and index.
520 ## - SUMMARY, ETC.
Summary, etc Picasso, Pablo, 1881-1973.
650 ## - SUBJECT ADDED ENTRY--TOPICAL TERM
Topical term or geographic name as entry element Artists-France
General subdivision Biography.
Holdings
Withdrawn status Lost status Damaged status Home library Current library Shelving location Date acquired Total Checkouts Full call number Barcode Date last seen Price effective from Koha item type
      Stonyhurst Southville International School (Batangas) Stonyhurst Southville International School (Batangas) High School Section 06/10/2015   N6853 .P5R56 2007 US-1116 06/10/2015   Books

A life of Picasso /

APA

Richardson J., . (2007). A life of Picasso. New York: Alfred A. Knoff.

Chicago

Richardson John, . 2007. A life of Picasso. New York: Alfred A. Knoff.

Harvard

Richardson J., . (2007). A life of Picasso. New York: Alfred A. Knoff.

MLA

Richardson John, . A life of Picasso. New York: Alfred A. Knoff. 2007.

  • Place hold
  • Print
  • Cite
  • Add to your cart (remove)
  • Save record
    BIBTEX Dublin Core MARCXML MARC (non-Unicode/MARC-8) MARC (Unicode/UTF-8) MARC (Unicode/UTF-8, Standard) MODS (XML) RIS
  • More searches
    Search for this title in:
    Other Libraries (WorldCat) Other Databases (Google Scholar) Online Stores (Bookfinder.com) Open Library (openlibrary.org)

Exporting to Dublin Core...

SOUTHVILLE LIBRARY

Southville International School and Colleges Library

1281 Tropical Ave. Cor. Luxembourg St., BF Homes International, Las Pinas City

Tel. No. 8256374 / 252358 Loc. 117/146

Powered by Koha